000 00544nam a22001697a 4500
003 UA-OsUOA
001 6480
007 ta
008 20040524b un ||||| |||| 00| 0 ukr d
942 _cSA
040 _aUA-OsUOA
_cUA-OsUOA
_dUA-OsUOA
245 _a" Будьте ж милосердні ... " : Доброчинна діяльність релігійних організацій
300 _aС.38-43
955 _a0
773 0 _w0
_tЛюдина і світ
_dКиїв
_d2004
_g№4
650 7 _aРелігія і суспільство
_2UDC
999 _c292641
_d292641